Currency swaps and new issue arbitrage strategy
V práci je analyzovaný pasívny menový swap. Sú nájdené podmienky, za ktorých je pasívny menový swap výhodný pre obidvoch partnerov a tiež podmienky na stanovenie swapových mier tak, aby kurzové riziko bolo rovnaké pre obidvoch partnerov.
Gespeichert in:
| 1. Verfasser: | |
|---|---|
| Weitere Verfasser: | |
| Format: | Buchkapitel |
| Sprache: | Englisch |
| Schlagworte: | |
| Tags: |
Keine Tags, Fügen Sie das erste Tag hinzu!
|
MARC
| LEADER | 00000naa$a2200000$$$4500 | ||
|---|---|---|---|
| 001 | 0004753 | ||
| 005 | 20231004075909.5 | ||
| 041 | 0 | |a eng | |
| 044 | |a CZ | ||
| 245 | 1 | 0 | |a Currency swaps and new issue arbitrage strategy |c aut. Michal Šoltés, Vincent Šoltés |
| 520 | |a V práci je analyzovaný pasívny menový swap. Sú nájdené podmienky, za ktorých je pasívny menový swap výhodný pre obidvoch partnerov a tiež podmienky na stanovenie swapových mier tak, aby kurzové riziko bolo rovnaké pre obidvoch partnerov. | ||
| 610 | 2 | 0 | |a swap |
| 610 | 2 | 0 | |a kurz menový |
| 610 | 2 | 0 | |a arbitráž menová |
| 610 | 2 | 0 | |a euro |
| 610 | 2 | 0 | |a dolár |
| 610 | 2 | 0 | |a kurz výmenný |
| 100 | 1 | |a Šoltés, Michal | |
| 700 | 1 | |a Šoltés, Vincent | |